NEJEDZTE

Bibliographic Details
Main Author: Mansourová, Joyce (Author)
Other Authors: M. V. (Translator)
Format: Article
Language:Slovak

MARC

LEADER 00000nab a2200000uu 4500
001 vtls011443809
003 SK-MaSNL
005 20260303164515.0
008 230313|1967 xo |||||||||||||||||slo|
015 |a SNBRB 
035 |a (urnnbn)urn:nbn:sk:snk:ar-0038iy 
035 |a (uuid)44c59594-5850-4696-83f2-5a215247a3db 
035 |a urn:nbn:sk:snk-abchig 
040 |a SNKBUCL  |b slo  |c SNKBUCL  |e AACR2 
041 0 |a slo 
044 |a xo  |c SK 
100 1 |a Mansourová, Joyce  |4 aut  |9 1190076 
245 1 0 |a NEJEDZTE  |c Joyce Mansourová, M. V. 
700 1 |a M. V.  |4 trl  |9 1121314 
773 0 |t Romboid  |g Roč. 2, č. 1 (1967), s. 80 
958 |a OND 
958 |a EUIPO 
958 |a article16 
999 |c 2065839  |d 2067769